000 00678nam a2200265Ia 4500
005 20260302114539.0
008 008 260114s9999 xx 000 0 eng d
020 _a9780755625567
037 _aTextbook
040 _aCRL
040 _beng
040 _cCRL
041 _2eng
041 _aeng
084 _qCRL
100 _aClaire Elise Katz
_91119076
245 3 _aAn Introduction to Modern Jewish Philosophy
260 _bBloomsbury
260 _bI.B. Tauris
260 _c2013
650 _aPhilosophy
856 _uhttps://dx.doi.org/10.5040/9780755625567?locatt=label:secondary_bloomsburyCollections
942 _cEBOOK
999 _c1682950
_d1682950